[Event "Wattenscheid 2- Borbeck"]
[Site "?"]
[Date "2023.02.19"]
[Round "5.6"]
[White "Schlange, Stefan"]
[Black "Poetter, Clemens"]
[Result "1/2-1/2"]
[WhiteElo "2185"]
[BlackElo "2058"]
[PlyCount "181"]
[SourceVersionDate "2023.06.22"]

1. e4 c6 2. d4 d5 3. Nc3 dxe4 4. Nxe4 Nd7 5. Ng5 Ndf6 6. Bc4 e6 7. N1f3 Bd6 8.
Qe2 h6 9. Ne4 Nxe4 10. Qxe4 Nf6 11. Qe2 Qc7 12. O-O O-O 13. Bd3 c5 14. dxc5
Qxc5 15. Be3 Qh5 16. Bd4 Rd8 17. Rad1 Bd7 18. Ne5 Qxe2 19. Bxe2 Bxe5 20. Bxe5
Bc6 21. c4 Kf8 22. f3 Ke7 23. Kf2 Ne8 24. Ke3 f6 25. Bc3 e5 26. Rd3 Rxd3+ 27.
Bxd3 Rd8 28. Rd1 Rd7 29. Bb4+ Kf7 30. Rd2 Nc7 31. Bf5 Rxd2 32. Bxd2 Ne6 33. Bc3
g6 34. Bc2 h5 35. b4 a6 36. a4 g5 37. Bb3 Ke7 38. Bc2 h4 39. g3 hxg3 40. hxg3
Kd6 41. a5 Ng7 42. Bd3 f5 43. f4 gxf4+ 44. gxf4 e4 45. Bf1 Ne8 46. Be5+ Ke6 47.
Kd4 Nd6 48. Kc5 Nc8 49. Be2 Be8 50. b5 Bd7 51. Bh5 Ke7 52. Bg6 Ke6 53. Bh5 Ke7
54. Be2 Ke6 55. Bd1 Ke7 56. Bb3 Ke6 57. Kb4 Ke7 58. Bd1 Ke6 59. Be2 Ne7 60. Kc5
Nc8 61. Bc7 Kf6 62. Kd5 Be6+ 63. Kd4 Bd7 64. Kd5 Be6+ 65. Kc5 Bd7 66. Bd8+ Ke6
67. Bc7 Ke7 68. Kd5 Be6+ 69. Ke5 Bd7 70. b6 Kf7 71. Bh5+ Ke7 72. Bd1 Kf7 73.
Bh5+ Ke7 74. Be2 Kf7 75. c5 Ne7 76. Bc4+ Ke8 77. Kf6 Bc6 78. Bf7+ Kd7 79. Be6+
Ke8 80. Bd6 Nd5+ 81. Kxf5 e3 82. Bxd5 Bxd5 83. Be5 e2 84. Bc3 Ke7 85. Ke5 Bc6
86. f5 Kf7 87. f6 Bf3 88. Kf4 Bc6 89. Ke3 Bb5 90. c6 Bxc6 91. Kxe2 1/2-1/2

[Event "Wattenscheid 2- Borbeck"]
[Site "?"]
[Date "2023.02.19"]
[Round "5.8"]
[White "Schwebel, Markus"]
[Black "Klasmeier, Hartmut"]
[Result "1/2-1/2"]
[WhiteElo "2046"]
[BlackElo "2002"]
[PlyCount "39"]
[SourceVersionDate "2023.06.22"]

1. e4 e6 2. d4 d5 3. e5 c5 4. c3 Nc6 5. Nf3 Bd7 6. Bd3 c4 7. Bc2 Nge7 8. h4 h6
9. Nbd2 Qa5 10. O-O O-O-O 11. Rb1 Qc7 12. b3 Na5 13. Ba3 Nf5 14. Bxf8 Rdxf8 15.
bxc4 dxc4 16. Rb4 Ne7 17. Ne4 Nd5 18. Rb2 f5 19. Nd6+ Kb8 20. Qd2 1/2-1/2

[Event "Erkenschwick 2- Dinslaken"]
[Site "?"]
[Date "2023.02.19"]
[Round "5.1"]
[White "Sielecki, Christof"]
[Black "Sprietersbach, Kai"]
[Result "0-1"]
[WhiteElo "2422"]
[BlackElo "2244"]
[PlyCount "60"]
[SourceVersionDate "2023.06.22"]

1. e4 c6 2. d4 d5 3. exd5 cxd5 4. Bd3 Nc6 5. c3 Nf6 6. h3 g6 7. Nf3 Bf5 8. O-O
Bxd3 9. Qxd3 Bg7 10. Bf4 O-O 11. Nbd2 a6 12. Rfe1 e6 13. Re2 Re8 14. Rae1 b5
15. a3 Na5 16. Bg5 Qd6 17. Bxf6 Bxf6 18. Ne5 Ra7 19. b4 Nc4 20. Ndxc4 bxc4 21.
Qf3 Bg7 22. h4 f6 23. Ng4 e5 24. Qg3 Rae7 25. h5 Re6 26. hxg6 hxg6 27. dxe5
fxe5 28. Rd1 Qc6 29. Qh4 d4 30. Re4 g5 0-1

[Event "Erkenschwick 2- Dinslaken"]
[Site "?"]
[Date "2023.02.19"]
[Round "5.2"]
[White "Hooms, Guust"]
[Black "Sonnenschein, Philipp"]
[Result "1/2-1/2"]
[WhiteElo "2163"]
[BlackElo "2219"]
[Annotator "daniel"]
[PlyCount "68"]
[SourceVersionDate "2023.06.22"]

1. e4 c5 2. c3 d5 3. exd5 Nf6 4. Nf3 Nxd5 5. d4 cxd4 6. Nxd4 e5 7. Nb5 Nc7 8.
Qxd8+ Kxd8 9. Nxc7 Kxc7 10. Be3 Be6 11. Nd2 Nd7 12. Bc4 Bxc4 13. Nxc4 Bc5 14.
Rd1 Bxe3 15. Nxe3 Rad8 16. Rd5 $11 Rhe8 17. Ke2 Nf6 18. Rxd8 Rxd8 19. Rd1 Rxd1
20. Kxd1 g6 21. Ke2 Kd6 22. f3 Nh5 23. g3 f5 24. Kd3 Nf6 25. b4 b5 26. c4 a6
27. c5+ Kc6 28. a3 a5 29. f4 exf4 30. gxf4 axb4 31. axb4 Nh5 32. Ng2 Nf6 33.
Ne3 Nh5 34. Ng2 Nf6 1/2-1/2

[Event "Erkenschwick 2- Dinslaken"]
[Site "?"]
[Date "2023.02.19"]
[Round "5.3"]
[White "Welzel, Philipp"]
[Black "Trzaska, Peter"]
[Result "1/2-1/2"]
[WhiteElo "2169"]
[BlackElo "2088"]
[Annotator "daniel"]
[PlyCount "95"]
[SourceVersionDate "2023.06.22"]

1. Nf3 d5 2. d4 c6 3. g3 Bf5 4. Bg2 e6 5. c4 Nf6 6. Nc3 h6 7. Qb3 Qb6 8. c5
Qxb3 9. axb3 Nbd7 10. b4 a6 11. b5 cxb5 12. Nxb5 Rc8 13. Nc3 Ne4 14. Nd2 Nxc3
15. bxc3 Nb8 16. e4 dxe4 17. Nxe4 Nc6 18. O-O Be7 19. Bf4 e5 20. dxe5 Bxe4 21.
Bxe4 Bxc5 $11 22. Rfb1 g5 23. Rxb7 Nd8 24. Bd2 Nxb7 25. Bxb7 Rd8 26. Bc6+ Ke7
27. Be1 Rb8 28. Ra5 Rhc8 29. Bd5 Rb5 30. Rxa6 Bxf2+ 31. Bxf2 Rxd5 32. Bd4 Rb5
33. Rxh6 Rb2 34. Rf6 Ra8 35. Bc5+ Ke8 36. Bf2 Ra1+ 37. Kg2 g4 38. Rf4 Raa2 39.
c4 Ke7 40. c5 Rc2 41. c6 Ke6 42. Kg1 Ra1+ 43. Kg2 Raa2 44. c7 Rxc7 45. Rxg4
Kxe5 46. Rf4 f5 47. h4 Rcc2 48. Kg1 1/2-1/2

[Event "Erkenschwick 2- Dinslaken"]
[Site "?"]
[Date "2023.02.19"]
[Round "5.4"]
[White "Jungbluth, Rolf"]
[Black "Kleff, Andre"]
[Result "0-1"]
[WhiteElo "2077"]
[BlackElo "2138"]
[Annotator "daniel"]
[PlyCount "104"]
[SourceVersionDate "2023.06.22"]

1. c4 g6 2. Nc3 Bg7 3. d4 d6 4. e4 Nc6 5. d5 Nd4 6. Be3 c5 7. dxc6 Nxc6 8. Qd2
h5 9. Nge2 Nf6 10. f3 Be6 11. Nf4 Bd7 12. Be2 Rc8 13. Rc1 b6 14. b3 Ne5 $11 15.
h3 Bc6 16. Nfd5 Ned7 17. O-O Nc5 18. Bd4 Ncd7 19. Rcd1 O-O 20. Be3 Kh7 21. Bg5
Bb7 22. Qf4 Nxd5 23. Nxd5 Bxd5 24. exd5 f6 25. Bh4 Bh6 26. Qd4 Qc7 27. Bf2 Bg7
28. Bd3 f5 29. Qe3 Nc5 30. Bb1 e5 31. dxe6 Rce8 32. Qd2 Rxe6 33. Qd5 Qf7 34. h4
a5 35. Qc6 d5 36. Qxd5 Qe7 37. Rde1 Rff6 38. Qd1 Rxe1 39. Rxe1 Re6 40. Rxe6
Qxe6 41. a3 Bf8 42. Qc2 Nd7 43. Qc1 Qd6 44. b4 axb4 45. axb4 Qxb4 46. g4 hxg4
47. fxg4 fxg4 48. Qd1 Ne5 49. h5 Bc5 50. hxg6+ Kg7 51. Qc2 Qe1+ 52. Kg2 Bxf2
0-1

[Event "Erkenschwick 2- Dinslaken"]
[Site "?"]
[Date "2023.02.19"]
[Round "5.5"]
[White "Brockhaus, Philip"]
[Black "Schulze Bisping, Franz"]
[Result "1-0"]
[WhiteElo "1967"]
[BlackElo "1850"]
[Annotator "daniel"]
[PlyCount "57"]
[SourceVersionDate "2023.06.22"]

1. e4 e6 2. d4 d5 3. Nd2 dxe4 4. Nxe4 Bd7 5. Nf3 Bc6 6. Bd3 Nd7 7. O-O Be7 8.
c3 Ngf6 9. Nxf6+ Bxf6 10. Re1 O-O 11. a4 b6 12. a5 g6 13. Bf4 Qc8 14. Qe2 Rd8
15. Ne5 Nxe5 16. dxe5 Be7 17. Bc2 Qd7 18. Qg4 Qe8 19. h4 h5 20. Qh3 Rd5 $11 21.
g4 hxg4 22. Qxg4 Kg7 23. h5 Rxa5 24. Rxa5 bxa5 25. hxg6 fxg6 26. Re3 Qf7 27.
Rg3 Be8 28. Bxg6 Qxg6 29. Qxe6 1-0

[Event "Erkenschwick 2- Dinslaken"]
[Site "?"]
[Date "2023.02.19"]
[Round "5.6"]
[White "Strohmann, Marcel"]
[Black "Riekenbrauk, Joerg"]
[Result "0-1"]
[WhiteElo "1845"]
[BlackElo "1917"]
[Annotator "daniel"]
[PlyCount "70"]
[SourceVersionDate "2023.06.22"]

1. e4 Nf6 2. Nc3 d5 3. e5 Nfd7 4. e6 fxe6 5. d4 c5 6. Nf3 Nc6 7. Bb5 g6 8. dxc5
Bg7 9. Be3 O-O 10. O-O Nde5 11. Nd4 Bd7 12. Re1 Nf7 13. Nf3 a6 14. Ba4 Nfe5 $11
15. Nxe5 Nxe5 16. Bd4 Nc6 17. Bxg7 Kxg7 18. Bxc6 bxc6 19. Qd4+ Kg8 20. Re5 Qc7
21. g4 Rf3 22. Rae1 Raf8 23. Qa4 Rxf2 24. Nd1 Rf1+ 25. Rxf1 Rxf1+ 26. Kxf1 Qxe5
27. Qxa6 Qxh2 28. Qe2 Qh1+ 29. Kf2 e5 30. Qxe5 Qxd1 31. Qxe7 Qxg4 32. Qd8+ Kf7
33. a4 Qf4+ 34. Ke1 Bg4 35. Qh4 Qe3+ 0-1

[Event "Erkenschwick 2- Dinslaken"]
[Site "?"]
[Date "2023.02.19"]
[Round "5.8"]
[White "Riechenberg, Sebastian"]
[Black "Raygrotzki, Norbert"]
[Result "1-0"]
[WhiteElo "1737"]
[BlackElo "1786"]
[PlyCount "81"]
[SourceVersionDate "2023.06.22"]

1. e4 c6 2. d4 d5 3. exd5 cxd5 4. Bd3 Nc6 5. c3 Qc7 6. Ne2 e5 7. dxe5 Nxe5 8.
Bb5+ Bd7 9. Bxd7+ Qxd7 10. Bf4 Ng6 11. Be3 Nf6 12. Bd4 Be7 13. Nd2 O-O 14. Nf1
Rfe8 15. Ne3 Ne4 16. O-O b6 17. Ng3 Bf8 18. Qc2 Nf4 19. Rad1 Qe6 20. Rfe1 Qg6
21. Qb1 h5 22. Nxd5 Nxd5 23. Rxe4 Rxe4 24. Qxe4 Qxe4 25. Nxe4 Nf4 26. Kf1 Rd8
27. Rd2 f5 28. Ng5 Be7 29. Nf3 g5 30. Ne5 Rc8 31. Be3 Ne6 32. Rd7 Bf6 33. Nf3
f4 34. Bd4 Nxd4 35. Nxd4 Bxd4 36. Rxd4 Rc7 37. Rd5 Rg7 38. Ke2 Kf8 39. Kf3 Ke7
40. h4 gxh4 41. Rxh5 1-0

[Event "Rheinhausen- Duisburg"]
[Site "?"]
[Date "2023.02.19"]
[Round "5.1"]
[White "Heisel, Guido"]
[Black "Heinert, Eugen"]
[Result "1/2-1/2"]
[WhiteElo "2127"]
[BlackElo "2174"]
[Annotator "daniel"]
[PlyCount "79"]
[SourceVersionDate "2023.06.22"]

1. d4 Nf6 2. Bg5 d5 3. e3 c5 4. Nc3 e6 5. Nf3 Nc6 6. Bb5 Bd7 7. O-O cxd4 8.
exd4 Be7 9. Qe2 a6 10. Bxc6 Bxc6 11. Ne5 Qb6 12. Nxc6 bxc6 13. Qd3 Qxb2 14.
Rab1 Qa3 15. Bxf6 Bxf6 16. Nxd5 Qxd3 17. Nxf6+ gxf6 18. cxd3 O-O-O 19. Rb6 Kc7
20. Rxa6 Ra8 21. Rxa8 Rxa8 22. Re1 Rxa2 23. Kf1 Kd6 $11 24. Re4 Ra5 25. Rh4 h5
26. Ke2 Rg5 27. g3 Rf5 28. Ke3 Rg5 29. f3 Ra5 30. g4 Ke7 31. gxh5 Kf8 32. h6
Kg8 33. Rg4+ Rg5 34. Kf4 Rg6 35. Rh4 Kh7 36. Rh5 $11 Rxh6 37. Rc5 Rh4+ 38. Ke3
Rxh2 39. Rxc6 Kg6 40. Rc8 1/2-1/2

[Event "Rheinhausen- Duisburg"]
[Site "?"]
[Date "2023.02.19"]
[Round "5.2"]
[White "Liedmann, Dennis"]
[Black "Hehlke, Oliver"]
[Result "1/2-1/2"]
[WhiteElo "2045"]
[BlackElo "1939"]
[PlyCount "192"]
[SourceVersionDate "2023.06.22"]

1. d4 Nf6 2. Nf3 e6 3. e3 b6 4. b3 Bb7 5. Bd3 Be7 6. c4 O-O 7. Bb2 d5 8. O-O
Nbd7 9. Nc3 c5 10. Qe2 Rc8 11. Rad1 Qc7 12. cxd5 Nxd5 13. Nxd5 exd5 14. Bf5
Rcd8 15. dxc5 bxc5 16. e4 d4 17. Rfe1 Bf6 18. Qc2 Qb6 19. Ba3 Qa5 20. Qc1 Rfe8
21. Bxd7 Rxd7 22. Qxc5 Qxc5 23. Bxc5 d3 24. Nd2 Bc3 25. Re3 Rc8 26. b4 Ba6 27.
Nb3 Bc4 28. g3 h6 29. Kg2 Rb8 30. Nc1 Bxb4 31. Bxb4 Rxb4 32. Nxd3 Ra4 33. Nb2
Rxd1 34. Nxa4 Bxa2 35. Ra3 Bb1 36. Nc3 Rc1 37. Nxb1 Rxb1 38. Rxa7 Re1 39. Ra8+
Kh7 40. Re8 g6 41. h4 h5 42. Kf3 Kg7 43. Kf4 Re2 44. f3 Ra2 45. Rd8 Ra7 46. g4
hxg4 47. Kxg4 Ra1 48. Rd5 Rg1+ 49. Kf4 Rh1 50. Kg3 Rg1+ 51. Kh2 Re1 52. h5 gxh5
53. Rxh5 Kf6 54. Kg3 Ke6 55. Kf4 Rf1 56. Rh6+ Ke7 57. Rb6 Ra1 58. Kf5 Ra5+ 59.
e5 Ra7 60. Rh6 Ra5 61. Rh4 Ra3 62. f4 Ra5 63. Rh3 Ra6 64. Rc3 Ra7 65. Rc4 Rb7
66. Ke4 Ra7 67. f5 Rb7 68. f6+ Ke6 69. Rc6+ Kd7 70. Rd6+ Ke8 71. Ra6 Rb1 72.
Ra8+ Kd7 73. Rf8 Re1+ 74. Kf4 Rf1+ 75. Kg4 Rg1+ 76. Kf3 Ke6 77. Re8+ Kf5 78.
Re7 Kg6 79. Ke4 Re1+ 80. Kd4 Rd1+ 81. Kc5 Rc1+ 82. Kd6 Rd1+ 83. Kc7 Rc1+ 84.
Kd8 Rd1+ 85. Ke8 Ra1 86. Rd7 Ra8+ 87. Rd8 Ra6 88. Kf8 Rb6 89. Re8 Ra6 90. Kg8
Ra7 91. Rd8 Rb7 92. Kf8 Ra7 93. Ke8 Rb7 94. Rd7 Rb8+ 95. Ke7 Rb6 96. Kd8 Ra6
1/2-1/2

[Event "Rheinhausen- Duisburg"]
[Site "?"]
[Date "2023.02.19"]
[Round "5.3"]
[White "Große- Frintrop, Gerd"]
[Black "Heinert, Alex"]
[Result "0-1"]
[WhiteElo "2063"]
[BlackElo "2108"]
[PlyCount "110"]
[SourceVersionDate "2023.06.22"]

1. d4 d5 2. c4 dxc4 3. e4 e5 4. Nf3 Bb4+ 5. Bd2 Bxd2+ 6. Nbxd2 exd4 7. Bxc4 Nc6
8. O-O Qf6 9. e5 Qg6 10. Qb3 Nge7 11. Rfe1 O-O 12. Bd3 Qh5 13. a3 Ng6 14. Bxg6
Qxg6 15. Re4 Rd8 16. Nh4 Qh5 17. Rae1 Be6 18. Qg3 d3 19. Nhf3 Bf5 20. Rh4 Qg6
21. Qf4 h6 22. Qe3 Rd5 23. Rf4 Qe6 24. Nd4 Nxd4 25. Rxd4 Rad8 26. Rxd5 Rxd5 27.
h3 h5 28. f4 c5 29. Nf3 Qd7 30. Qd2 b6 31. Kf2 a5 32. Rg1 a4 33. Rc1 b5 34. Rd1
Qb7 35. Qe3 b4 36. axb4 Qxb4 37. Rd2 a3 38. bxa3 Qxa3 39. Nh4 Bd7 40. Nf3 c4
41. Ne1 Bf5 42. g4 hxg4 43. hxg4 Bxg4 44. Qe4 Qc5+ 45. Kg3 Be2 46. Ra2 Qc6 47.
Kf2 c3 48. Ra1 Qb6+ 49. Qe3 Qxe3+ 50. Kxe3 Bf1 51. Nf3 d2 52. Nxd2 Rd3+ 53. Kf2
cxd2 54. Rd1 Bh3 55. Ke2 Rd8 0-1

[Event "Rheinhausen- Duisburg"]
[Site "?"]
[Date "2023.02.19"]
[Round "5.4"]
[White "Jentsch, David"]
[Black "Brueggemann, Josef"]
[Result "1-0"]
[WhiteElo "1982"]
[BlackElo "2015"]
[PlyCount "91"]
[SourceVersionDate "2023.06.22"]

1. d4 d5 2. c4 dxc4 3. e3 e5 4. Bxc4 exd4 5. exd4 Nf6 6. Nf3 Be7 7. Nc3 O-O 8.
h3 c6 9. O-O Nbd7 10. Re1 Nb6 11. Bb3 Nbd5 12. Bg5 Be6 13. Bc2 Re8 14. a3 h6
15. Bc1 Qa5 16. Bd2 Qc7 17. Ne5 Rad8 18. Qe2 c5 19. dxc5 Bxc5 20. Nxd5 Bxd5 21.
Bc3 Bd6 22. Ba4 Re6 23. Rac1 Qb8 24. Rcd1 b5 25. Bxb5 Bxe5 26. Bxe5 Rxe5 27.
Qxe5 Qxb5 28. Qc7 Re8 29. Rxe8+ Qxe8 30. Qxa7 Kh7 31. Qd4 Qc6 32. f3 Qc7 33.
Qd3+ g6 34. Qd4 Bb3 35. Rd3 Qc1+ 36. Kh2 Qc4 37. Qd6 Kg7 38. Rc3 Qe6 39. Qd4
Bd5 40. Re3 Qc6 41. b4 h5 42. Rc3 Qd6+ 43. Kg1 Qe6 44. h4 Qe1+ 45. Kh2 Kh7 46.
Qxf6 1-0

[Event "Rheinhausen- Duisburg"]
[Site "?"]
[Date "2023.02.19"]
[Round "5.6"]
[White "Mohrholz, Stefan"]
[Black "Usdenski, Andreas"]
[Result "1-0"]
[WhiteElo "2002"]
[BlackElo "1721"]
[PlyCount "75"]
[SourceVersionDate "2023.06.22"]

1. Nf3 c5 2. c4 Nc6 3. Nc3 d6 4. g3 g6 5. Bg2 Bg7 6. O-O e5 7. d3 Nge7 8. a3
O-O 9. Rb1 a5 10. Bd2 h6 11. e3 f5 12. Ne1 g5 13. f4 gxf4 14. exf4 Kh7 15. Nd5
Nxd5 16. Bxd5 a4 17. Qh5 Qe8 18. Qxe8 Rxe8 19. fxe5 dxe5 20. Be3 Nd4 21. Nf3 e4
22. dxe4 fxe4 23. Nd2 Nf5 24. Bxc5 e3 25. Ne4 Nd4 26. Rf7 Kh8 27. Kg2 Be6 28.
Rf4 Bxd5 29. cxd5 e2 30. Re1 Nb3 31. Bb4 Rad8 32. Nd6 Be5 33. Nf7+ Kh7 34. Nxd8
Bxf4 35. Ne6 Bb8 36. Rxe2 b6 37. d6 Rg8 38. d7 1-0

[Event "Rheinhausen- Duisburg"]
[Site "?"]
[Date "2023.02.19"]
[Round "5.7"]
[White "Vortmeier, Jan"]
[Black "Hartz, Erik"]
[Result "0-1"]
[WhiteElo "1687"]
[BlackElo "1990"]
[PlyCount "52"]
[SourceVersionDate "2023.06.22"]

1. Nf3 d5 2. g3 Nf6 3. Bg2 c6 4. O-O Bf5 5. d3 e6 6. Nbd2 Bc5 7. c3 a5 8. a4
Nbd7 9. Nh4 Bg6 10. Nxg6 hxg6 11. e4 dxe4 12. Nxe4 Nxe4 13. dxe4 O-O 14. Qe2
Qb6 15. e5 Qb3 16. Be3 Rad8 17. Bxc5 Nxc5 18. Ra3 Qb6 19. Rb1 Rd7 20. b4 Rfd8
21. Be4 Nxe4 22. Qxe4 Rd2 23. Rf1 axb4 24. Rb3 c5 25. cxb4 R2d4 26. Qb1 cxb4
0-1

[Event "Rheinhausen- Duisburg"]
[Site "?"]
[Date "2023.02.19"]
[Round "5.8"]
[White "Seifert, Hendrik"]
[Black "Maslak, Sulejman"]
[Result "0-1"]
[WhiteElo "1623"]
[BlackElo "2294"]
[PlyCount "72"]
[SourceVersionDate "2023.06.22"]

1. e4 e6 2. d4 d5 3. Bd3 dxe4 4. Bxe4 Nf6 5. Bf3 c5 6. Ne2 Nc6 7. Be3 cxd4 8.
Nxd4 Ne5 9. O-O a6 10. h3 Be7 11. Nc3 O-O 12. Re1 Nc4 13. Rb1 Bb4 14. Nde2 Nxe3
15. Qxd8 Rxd8 16. fxe3 Rb8 17. Red1 Bd7 18. a3 Bc5 19. Kf2 b5 20. Rd3 Rdc8 21.
Ne4 Nxe4+ 22. Bxe4 Be8 23. g4 g6 24. c3 Kf8 25. Rg1 f5 26. Bf3 e5 27. gxf5 gxf5
28. Bd5 Bg6 29. Kg2 f4 30. Rdd1 Bxe3 31. Rgf1 Rd8 32. Bb3 Ke7 33. Rxd8 Rxd8 34.
Rd1 Be4+ 35. Kf1 Bd3 36. Ke1 f3 0-1

[Event "Horst- Emscher- Münster 3"]
[Site "?"]
[Date "2023.02.19"]
[Round "5.1"]
[White "Korth, Daniel"]
[Black "Rebentisch, Tom"]
[Result "1/2-1/2"]
[WhiteElo "2138"]
[BlackElo "2174"]
[PlyCount "49"]
[SourceVersionDate "2023.06.22"]

1. d4 d5 2. c4 e6 3. Nf3 Nf6 4. g3 Be7 5. Bg2 O-O 6. O-O Nbd7 7. Qc2 c6 8. Nbd2
b5 9. b3 bxc4 10. bxc4 Ba6 11. Bb2 Rb8 12. Rfb1 Qc8 13. e3 c5 14. Ba3 Rxb1+ 15.
Rxb1 Re8 16. cxd5 Nxd5 17. dxc5 Bxc5 18. Bxc5 Nxc5 19. Bf1 Bxf1 20. Rxf1 Nb4
21. Qc4 Ncd3 22. a3 Qxc4 23. Nxc4 Nd5 24. Rb1 g6 25. Rb7 1/2-1/2

[Event "Horst- Emscher- Münster 3"]
[Site "?"]
[Date "2023.02.19"]
[Round "5.2"]
[White "De Roda Husman, Juan"]
[Black "Wieder, Heiner"]
[Result "1-0"]
[WhiteElo "2251"]
[BlackElo "2077"]
[Annotator "daniel"]
[PlyCount "73"]
[SourceVersionDate "2023.06.22"]

1. e4 c5 2. Nf3 d6 3. d4 cxd4 4. Nxd4 Nf6 5. Nc3 a6 6. h3 e5 7. Nde2 Be6 8. g4
Be7 9. Bg2 O-O 10. O-O Re8 11. Be3 Nbd7 12. Ng3 Nb6 13. b3 Rc8 14. Nd5 Bxd5 15.
exd5 Nfd7 16. Qd2 Nc5 17. c4 Nbd7 18. b4 Na4 19. c5 b5 20. Ne4 dxc5 21. d6 Bf8
22. bxc5 Naxc5 23. Rac1 Nxe4 24. Bxe4 Re6 25. Rxc8 Qxc8 26. Rc1 Qb8 27. Rc7
Rxd6 28. Qc2 Nb6 $11 29. Bxh7+ Kh8 30. Bxb6 Qxb6 31. Rxf7 Rf6 32. Rxf6 Qxf6 33.
Be4 Qf4 34. Qc6 Qf6 35. Qe8 g5 36. Qd7 Bg7 37. Kg2 1-0

[Event "Horst- Emscher- Münster 3"]
[Site "?"]
[Date "2023.02.19"]
[Round "5.3"]
[White "Baumann, Stephan"]
[Black "Kroeger, Fabian"]
[Result "1-0"]
[WhiteElo "2058"]
[BlackElo "2179"]
[PlyCount "59"]
[SourceVersionDate "2023.06.22"]

1. e4 c5 2. Nc3 g6 3. f4 Bg7 4. Nf3 Nc6 5. Bb5 Nd4 6. O-O Nxb5 7. Nxb5 d5 8. e5
Nh6 9. d4 a6 10. Nc3 cxd4 11. Nxd4 O-O 12. Qf3 e6 13. Be3 f6 14. Qg3 Bd7 15.
Rad1 Rc8 16. Nce2 fxe5 17. fxe5 Rxf1+ 18. Rxf1 Nf7 19. Qh3 Nxe5 20. Bh6 Bxh6
21. Qxh6 Ng4 22. Qf4 e5 23. Qf7+ Kh8 24. Qxd5 exd4 25. Qxd4+ Kg8 26. Qd5+ Kg7
27. Rf7+ Kh6 28. Qd2+ Ne3 29. Qxe3+ g5 30. Qd4 1-0

[Event "Horst- Emscher- Münster 3"]
[Site "?"]
[Date "2023.02.19"]
[Round "5.4"]
[White "Radulovic, Drazen"]
[Black "Seegers, Hendrik"]
[Result "0-1"]
[WhiteElo "2180"]
[BlackElo "2115"]
[PlyCount "112"]
[SourceVersionDate "2023.06.22"]

1. e4 d5 2. exd5 Nf6 3. d4 Nxd5 4. Nf3 g6 5. Be2 Bg7 6. O-O O-O 7. h3 Nc6 8. c4
Nb6 9. Be3 e5 10. d5 Ne7 11. Nc3 Nf5 12. Bg5 f6 13. Bc1 c6 14. Qb3 Nd4 15. Nxd4
exd4 16. Ne4 Re8 17. Bf3 cxd5 18. c5 Nc4 19. Nd6 Nxd6 20. Bxd5+ Kh8 21. cxd6
Qxd6 22. Bd2 Rb8 23. Rfe1 Bd7 24. Qf3 Bc6 25. Bxc6 Qxc6 26. Qd3 f5 27. Rac1
Rxe1+ 28. Rxe1 Re8 29. Rxe8+ Qxe8 30. f3 Qa4 31. Bc3 h6 32. b3 Qd7 33. Bb2 Kh7
34. Kf1 Qd6 35. Bc1 Qc5 36. Bd2 Qa3 37. h4 h5 38. Qc2 Qa6+ 39. Kg1 Qe2 40. Qc1
Be5 41. Bf4 d3 42. Bxe5 Qxe5 43. Qd2 Qd4+ 44. Kf1 f4 45. a4 b6 46. b4 Kg7 47.
a5 bxa5 48. bxa5 a6 49. Qe1 Kf7 50. Qd2 Ke6 51. Qa2+ Kd6 52. Qd2 Kc5 53. g4
fxg3 54. Qg5+ Kb4 55. Qxg3 d2 56. Qb8+ Kc3 0-1

[Event "Horst- Emscher- Münster 3"]
[Site "?"]
[Date "2023.02.19"]
[Round "5.5"]
[White "Kaufhold, Thomas"]
[Black "Buschmann, Andreas"]
[Result "0-1"]
[WhiteElo "2058"]
[BlackElo "2096"]
[PlyCount "124"]
[SourceVersionDate "2023.06.22"]

1. d4 Nf6 2. c4 g6 3. Nc3 Bg7 4. e4 d6 5. f3 O-O 6. Be3 e5 7. d5 Ne8 8. Qd2 f5
9. O-O-O Nd7 10. exf5 gxf5 11. g4 a5 12. gxf5 Nb6 13. Bd3 Bxf5 14. Bg5 Qd7 15.
h4 Kh8 16. Rf1 Bxd3 17. Qxd3 Qf5 18. Ne4 Nf6 19. Bxf6 Rxf6 20. Ne2 Bh6+ 21. Kc2
Rg6 22. N4g3 Qd7 23. b3 a4 24. Kb1 axb3 25. axb3 Ra3 26. Kb2 Ra6 27. Ra1 Bg7
28. Ne4 Rg2 29. Rxa6 bxa6 30. Kb1 a5 31. Rg1 Rxg1+ 32. Nxg1 h6 33. Ne2 Qh3 34.
N2g3 Qxh4 35. Qc3 a4 36. bxa4 Nxa4 37. Qa5 Nb6 38. Qb5 Qf4 39. Qe8+ Kh7 40. Qc6
Qxf3 41. Qxc7 Qb3+ 42. Kc1 Qxc4+ 43. Qxc4 Nxc4 44. Kc2 Bf8 45. Kd3 Nb6 46. Nf5
Nxd5 47. Nexd6 Bxd6 48. Nxd6 Nf6 49. Nc4 Ng4 50. Ke4 Kg6 51. Nd2 h5 52. Nf3 Kf6
53. Nh4 Ke6 54. Ng2 Nf6+ 55. Kf3 Kf5 56. Ne3+ Kg5 57. Kg3 h4+ 58. Kf3 e4+ 59.
Kg2 Kf4 60. Nf1 Nd5 61. Kh3 Ne3 62. Nh2 Kg5 0-1

[Event "Horst- Emscher- Münster 3"]
[Site "?"]
[Date "2023.02.19"]
[Round "5.6"]
[White "Becker, Marco"]
[Black "Schroeder, Joerg"]
[Result "1/2-1/2"]
[WhiteElo "1935"]
[BlackElo "1981"]
[PlyCount "53"]
[SourceVersionDate "2023.06.22"]

1. e4 e5 2. Nc3 Nc6 3. g3 Nf6 4. Bg2 Bc5 5. Nge2 a5 6. O-O d6 7. d3 Bg4 8. h3
Bd7 9. Kh2 O-O 10. f4 exf4 11. gxf4 Nd4 12. Nxd4 Bxd4 13. Ne2 Bb6 14. Ng3 a4
15. c4 c6 16. e5 Ne8 17. d4 Bc7 18. Bd2 c5 19. Bc3 cxd4 20. Qxd4 Bc6 21. Bxc6
bxc6 22. Qe4 Ba5 23. Nf5 Bxc3 24. bxc3 dxe5 25. fxe5 Qd2+ 26. Qg2 Qxg2+ 27.
Kxg2 1/2-1/2

[Event "Horst- Emscher- Münster 3"]
[Site "?"]
[Date "2023.02.19"]
[Round "5.7"]
[White "Ollech, Dirk"]
[Black "Arndt, Olaf"]
[Result "1-0"]
[WhiteElo "1921"]
[BlackElo "1885"]
[PlyCount "79"]
[SourceVersionDate "2023.06.22"]

1. c4 c5 2. Nf3 Nc6 3. g3 g6 4. Bg2 Bg7 5. Nc3 d6 6. O-O e6 7. e3 Nge7 8. d4
O-O 9. d5 Ne5 10. Nxe5 Bxe5 11. dxe6 Bxe6 12. Nd5 Rb8 13. Qe2 Nxd5 14. Bxd5
Bxd5 15. cxd5 f5 16. a4 Qf6 17. f4 Rfe8 18. fxe5 Qxe5 19. Qf3 Re7 20. Rb1 b5
21. a5 Qe4 22. Qxe4 Rxe4 23. b3 b4 24. Rd1 Rb5 25. Ra1 c4 26. bxc4 Rxc4 27. Bb2
a6 28. Bd4 Rc2 29. Rdb1 Rc4 30. Ra4 Rxd5 31. Raxb4 Rxb4 32. Rxb4 Rxa5 33. h4
Ra2 34. Rb2 Ra4 35. Rb8+ Kf7 36. Rb7+ Ke6 37. Rxh7 Ra2 38. Rg7 Kd5 39. Rxg6 Ke4
40. h5 1-0

[Event "Horst- Emscher- Münster 3"]
[Site "?"]
[Date "2023.02.19"]
[Round "5.8"]
[White "Goeldenboog, Juergen"]
[Black "Wingenfeld, Klaus"]
[Result "1-0"]
[WhiteElo "1969"]
[BlackElo "1843"]
[PlyCount "39"]
[SourceVersionDate "2023.06.22"]

1. d4 d5 2. c4 c6 3. Nf3 Nf6 4. cxd5 cxd5 5. Nc3 Nc6 6. Bg5 e6 7. e3 Be7 8. Bd3
Qb6 9. Rb1 h6 10. Bh4 a6 11. O-O Bd7 12. Ne5 Qc7 13. f4 O-O 14. Nxd7 Qxd7 15.
a3 Rac8 16. Bxf6 Bxf6 17. Qh5 Ne7 18. g4 Qe8 19. g5 hxg5 20. Qh7# 1-0

[Event "Kleve- Langenfeld 2"]
[Site "?"]
[Date "2023.02.19"]
[Round "5.1"]
[White "Keller, Karsten"]
[Black "Shakhverdian, William"]
[Result "1/2-1/2"]
[WhiteElo "2211"]
[BlackElo "2134"]
[PlyCount "79"]
[SourceVersionDate "2023.06.22"]

1. Nf3 Nf6 2. c4 e6 3. Nc3 d5 4. d4 c6 5. Bg5 Nbd7 6. e3 Be7 7. Bd3 dxc4 8.
Bxc4 b5 9. Bd3 a6 10. O-O Bb7 11. Bxf6 Nxf6 12. Ne4 Nxe4 13. Bxe4 f5 14. Bd3 c5
15. dxc5 Bxc5 16. a4 O-O 17. axb5 axb5 18. Bxb5 Rxa1 19. Qxa1 f4 20. exf4 Bxf3
21. gxf3 Qh4 22. Bd7 Rf6 23. Qa8+ Bf8 24. Bxe6+ Kh8 25. f5 Qb4 26. b3 g6 27.
Qa1 Bg7 28. Rc1 Rf8 29. Qb1 gxf5 30. Bxf5 Qf4 31. Rc8 Qg5+ 32. Kh1 Rxc8 33.
Bxc8 Qc5 34. Qf5 Qxf2 35. Ba6 Qe1+ 36. Kg2 Qd2+ 37. Kf1 Qd1+ 38. Kg2 Qd2+ 39.
Kf1 Qd1+ 40. Kg2 1/2-1/2

[Event "Kleve- Langenfeld 2"]
[Site "?"]
[Date "2023.02.19"]
[Round "5.2"]
[White "Verfuerth, Kevin"]
[Black "Brochhagen, Thomas"]
[Result "1/2-1/2"]
[WhiteElo "2000"]
[BlackElo "2001"]
[PlyCount "99"]
[SourceVersionDate "2023.06.22"]

1. c4 e6 2. Nf3 Nf6 3. b3 d5 4. Bb2 Be7 5. e3 O-O 6. Be2 b6 7. O-O c5 8. d4 Bb7
9. Nc3 Nbd7 10. Rc1 Rc8 11. cxd5 Nxd5 12. Nxd5 Bxd5 13. Ba6 Rc7 14. Qe2 Qa8 15.
Rfd1 Nb8 16. Bc4 Bb7 17. dxc5 Bxf3 18. Qxf3 Qxf3 19. gxf3 Rxc5 20. Kh1 b5 21.
Rg1 g6 22. Bd3 a6 23. Bd4 Rxc1 24. Rxc1 Bd6 25. a4 bxa4 26. bxa4 e5 27. Ba7 Kg7
28. Bxb8 Bxb8 29. Bxa6 f5 30. Rd1 f4 31. Kg2 Ba7 32. Bc4 Bb6 33. Rd7+ Kh6 34.
exf4 exf4 35. Rb7 Ba5 36. Rb5 Bc3 37. Rb3 Ba5 38. Kh3 Rc8 39. Bd3 Rc5 40. Kg4
Bc7 41. h4 Kg7 42. Rb5 h5+ 43. Kh3 Rxb5 44. Bxb5 Bb6 45. Kg2 Bd8 46. Kh3 Bb6
47. Be8 Bd8 48. Bd7 Kh6 49. Be8 Kg7 50. Bd7 1/2-1/2